| 000 | 01294nam0a2200313 4500 | ||
|---|---|---|---|
| 001 | RU\NLR\b_ik\127120 | ||
| 005 | 20250616225543.0 | ||
| 035 | _a(NLR Aleph) 002200548 | ||
| 090 |
_a3035110 _c3035110 |
||
| 100 | _a20050420d2003 |||y0rusy50 ca | ||
| 101 | 0 |
_aeng _drus |
|
| 102 | _aRU | ||
| 105 | _aa ||||||||| | ||
| 200 | 1 |
_aPossible ways for triggering the Hf isomer _fS.A. Karamian, J.J. Carroll, L.A. Rivlin [et al.] |
|
| 210 |
_aДубна _cОбъед. ин-т ядер. исслед. _d2003 |
||
| 215 |
_a14 с. _cил. _d22 |
||
| 225 | 1 |
_aОбъединенный институт ядерных исследований, Дубна _vЕ15-2003-179 |
|
| 300 | _aНа 3-й с. обл.: Возможные пути стимуляции распада изомера 179m2 Hf/ Карамян С.А. и др. | ||
| 300 | _aРез. на рус. яз. | ||
| 517 | 0 | _aВозможные пути стимуляции распада изомера Hf | |
| 606 | 1 |
_aГафний _xИзомеры _xРаспад _92159303 _3RU\NLR\AUTH\661299632 |
|
| 686 | 4 | _aВ383.2 | |
| 701 | 1 |
_aKaramjan _bS. A. _gSarkis Aršavirovič _4070 |
|
| 701 | 1 |
_aCarroll _bJ. J. _gJ.J. _4070 |
|
| 701 | 1 |
_aRivlin _bL. A. _gL.A. _4070 |
|
| 801 | 0 |
_aRU _bNLR _c20050420 _gPSBO |
|
| 942 | _cBOOK | ||
| 980 | _aNB | ||